Vista normal
Vista MARC
Entrada Materia (corporativa)
Número de registros utilizados en: 1
001 - CONTROL NUMBER
- control field: 42047
003 - CONTROL NUMBER IDENTIFIER
- control field: Co-BoUCM
005 - DATE AND TIME OF LATEST TRANSACTION
- control field: 20130805113657.0
008 - FIXED-LENGTH DATA ELEMENTS
- fixed length control field: 130805|| aca||aabn | a|a d
040 ## - CATALOGING SOURCE
- Original cataloging agency: Co-BoUCM
- Transcribing agency: Co-BoUCM
110 ## - HEADING--CORPORATE NAME
- Corporate name or jurisdiction name as entry element: Autorregulador del mercado de valores de Colombia
670 ## - SOURCE DATA FOUND
- Source citation: Work cat.: (Co-BoUCM)68801: Autorregulador del mercado de valores de Colombia, Doctrina de la autorregulación del mercado de valores, 2010